000 00967nam a2200325Ia 4500
003 SMC
005 20170211083731.0
008 160303s9999 xx 000 0 und d
050 _aFIL KPM 52.5
050 _b.S27 2015 v.1
100 _aSarmiento, Ulpiano "Ulan" P., III
245 _aCompendium of school laws in the Philippines :
245 _bthe revised manual of regulations for private higher education /
245 _cUlpiano "Ulan" P. Sarmientos, III
250 _aRevised Edition
260 _aPhilippines :
260 _b[s. n.]
260 _c2015
300 _a976 pages :
300 _c28 cm.
440 _vv.1
500 _aIncludes index.
650 _aEducation --
650 _aPrivate schools --
650 _aPrivate universities and colleges --
650 _xLaw and legislation -- Philippines.
650 _xLaw and legislation -- Philippines.
650 _xLaw and legislation -- Philippines.
942 _2lcc
_cBK
999 _c291455
_d291455